[Event "IX Floripa Chess Open Fort Atacadista"]
[Site "Florianópolis - Santa Catari"]
[Date "2023.01.27"]
[Round "7.118"]
[White "Pertuzatti, Daniel"]
[Black "Mariano, Kaiki Pereira"]
[Result "1-0"]
[WhiteElo "1973"]
[BlackElo "1639"]
[PlyCount "85"]
[EventDate "2023.01.23"]
[EventRounds "10"]
[EventCountry "BRA"]

1. e4 c6 2. d4 d5 3. Nc3 dxe4 4. Nxe4 Nf6 5. Nxf6+ exf6 6. c3 Bd6 7. Bd3 O-O 8.
Be3 Qc7 9. Qc2 g6 10. O-O-O c5 11. d5 c4 12. Be2 b5 13. g4 Re8 14. Bf3 Nd7 15.
Bd4 Rb8 16. Ne2 Ne5 17. Bxe5 Bxe5 18. Nd4 Bxd4 19. Rxd4 Qd6 20. h4 Re5 21. h5
f5 22. hxg6 fxg6 23. g5 Bb7 24. Qd1 Qe7 25. Qd2 Rd8 26. d6 Qd7 27. Bxb7 Qxb7
28. Re1 Rxe1+ 29. Qxe1 Qd7 30. Qe5 Re8 31. Qd5+ Kg7 32. Kd1 a6 33. a4 Rd8 34.
axb5 axb5 35. Qc5 Rc8 36. Qe5+ Kg8 37. Rd5 Re8 38. Qf6 Rf8 39. Qd4 Rb8 40. Re5
Rd8 41. Qd5+ Qf7 42. Re6 Kg7 43. Qe5+ 1-0

[Event "IX Floripa Chess Open Fort Atacadista"]
[Site "Florianópolis - Santa Catari"]
[Date "2023.01.27"]
[Round "7.119"]
[White "Calcada, Lucas Galvan"]
[Black "Bastos, Guilherme Exterhott"]
[Result "1/2-1/2"]
[WhiteElo "1638"]
[BlackElo "1902"]
[PlyCount "92"]
[EventDate "2023.01.23"]
[EventRounds "10"]
[EventCountry "BRA"]

1. Nf3 d5 2. c4 d4 3. e3 c5 4. exd4 cxd4 5. d3 g6 6. g3 Bg7 7. Bg2 a5 8. O-O
Nc6 9. b3 e5 10. Bb2 Nge7 11. Na3 O-O 12. Nc2 Rb8 13. Qd2 b5 14. cxb5 Rxb5 15.
Na3 Rb8 16. Nc4 Nf5 17. Rfe1 Re8 18. Rad1 Bb7 19. Ba3 Ba8 20. Qe2 f6 21. Nfd2
Nb4 22. Bxa8 Rxa8 23. Bxb4 axb4 24. Ne4 Re6 25. Nc5 Rc6 26. Na4 Ne7 27. f4 Nd5
28. fxe5 fxe5 29. Qg2 Re6 30. Kh1 Nc3 31. Nxc3 bxc3 32. Ra1 Rb8 33. Re4 Qd5 34.
Rb1 Rf8 35. Rf1 Rxf1+ 36. Qxf1 Rf6 37. Qe2 Ra6 38. a4 Qb7 39. Qc2 Ra8 40. a5
Rb8 41. Nb6 Bf6 42. b4 Bd8 43. Qb3+ Kh8 44. Qe6 Bxb6 45. Qxe5+ Kg8 46. Qe6+ Qf7
1/2-1/2

[Event "IX Floripa Chess Open Fort Atacadista"]
[Site "Florianópolis - Santa Catari"]
[Date "2023.01.27"]
[Round "7.121"]
[White "Kazuhiro Shikasho, Erik"]
[Black "Passos Coutinho, Eduardo"]
[Result "1-0"]
[WhiteElo "1886"]
[BlackElo "1630"]
[PlyCount "47"]
[EventDate "2023.01.23"]
[EventRounds "10"]
[EventCountry "BRA"]

1. e4 c6 2. d4 d5 3. e5 Bf5 4. h4 h5 5. c4 e6 6. Nc3 Ne7 7. Nge2 dxc4 8. Ng3 b5
9. a4 b4 10. Nce4 Bxe4 11. Nxe4 Nf5 12. Be3 Qd5 13. Ng3 Nxe3 14. fxe3 g6 15.
Qc2 b3 16. Qxc4 Qxc4 17. Bxc4 Bb4+ 18. Ke2 a5 19. Bxb3 Nd7 20. Rac1 c5 21. Ne4
cxd4 22. exd4 O-O 23. Rc7 Rfd8 24. Rxd7 1-0

[Event "IX Floripa Chess Open Fort Atacadista"]
[Site "Florianópolis - Santa Catari"]
[Date "2023.01.27"]
[Round "7.122"]
[White "Medeiros, Thauane Ferreira"]
[Black "De Resende, Sidnei"]
[Result "0-1"]
[WhiteElo "1883"]
[BlackElo "1629"]
[PlyCount "76"]
[EventDate "2023.01.23"]
[EventRounds "10"]
[EventCountry "BRA"]

1. d4 Nf6 2. Bg5 e6 3. Nd2 Be7 4. e4 d5 5. e5 Nfd7 6. Bxe7 Qxe7 7. c3 c5 8. Qg4
O-O 9. Bd3 f5 10. exf6 Nxf6 11. Qh4 Nc6 12. Ngf3 cxd4 13. cxd4 Qb4 14. O-O e5
15. a3 Qxb2 16. dxe5 Nxe5 17. Rab1 Nxf3+ 18. Nxf3 Qxa3 19. Bc2 b6 20. Rfe1 Bd7
21. Re3 Qc5 22. Rc1 Bf5 23. Nd4 Bxc2 24. Rxc2 Qb4 25. h3 Ne4 26. Rd3 Nxf2 27.
Re3 Qb1+ 28. Kh2 Qh1+ 29. Kg3 Ne4+ 30. Rxe4 dxe4 31. Qg4 Qa1 32. Qxe4 Rae8 33.
Qd5+ Kh8 34. Nf3 Qf6 35. Rc6 Qf4+ 36. Kf2 Rc8 37. Rd6 Rc2+ 38. Kg1 Qg3 0-1

[Event "IX Floripa Chess Open Fort Atacadista"]
[Site "Florianópolis - Santa Catari"]
[Date "2023.01.27"]
[Round "7.123"]
[White "Da Cruz, Emerson"]
[Black "Silva, Janderson Rossi Da"]
[Result "1/2-1/2"]
[WhiteElo "1615"]
[BlackElo "1883"]
[PlyCount "95"]
[EventDate "2023.01.23"]
[EventRounds "10"]
[EventCountry "BRA"]

1. e4 c5 2. Nf3 d6 3. d4 cxd4 4. Nxd4 Nf6 5. Nc3 a6 6. Be2 e5 7. Nb3 Be7 8. O-O
Be6 9. Bg5 Nbd7 10. Kh1 O-O 11. f4 Qc7 12. f5 Bc4 13. Bxc4 Qxc4 14. Qf3 b5 15.
Nd2 Qc6 16. g4 Rfe8 17. Bxf6 Bxf6 18. Qg2 h6 19. Nf3 Nb6 20. Rad1 b4 21. Nd5
Nxd5 22. Rxd5 Rec8 23. Rf2 Qc4 24. Re2 Be7 25. b3 Qc3 26. h4 Rc5 27. Rd3 Qa1+
28. Kh2 Rac8 29. g5 Kh8 30. f6 gxf6 31. gxf6 Rg8 32. Qxg8+ Kxg8 33. fxe7 Rc8
34. Rxd6 Kh7 35. Rd8 Qf1 36. Kg3 Rc3 37. Rd3 Rc6 38. e8=Q Rg6+ 39. Ng5+ hxg5
40. h5 Rf6 41. Qxe5 Qg1+ 42. Rg2 Qe1+ 43. Kh2 Rf1 44. Qf5+ Rxf5 45. exf5 Qe5+
46. Rdg3 Qxf5 47. Rxg5 Qf4+ 48. Kh1 1/2-1/2

[Event "IX Floripa Chess Open Fort Atacadista"]
[Site "Florianópolis - Santa Catari"]
[Date "2023.01.27"]
[Round "7.124"]
[White "Karoly, Carlos Acacio Gomes"]
[Black "Dos Santos, Lucas Carvalho Ribe"]
[Result "1/2-1/2"]
[WhiteElo "1877"]
[BlackElo "1619"]
[PlyCount "87"]
[EventDate "2023.01.23"]
[EventRounds "10"]
[EventCountry "BRA"]

1. e4 c5 2. Nf3 Nc6 3. Bb5 Nd4 4. Nxd4 cxd4 5. O-O a6 6. Bc4 e6 7. d3 Be7 8. f4
b5 9. Bb3 Bb7 10. Nd2 Nf6 11. Nf3 Qb6 12. Kh1 O-O 13. Bd2 d5 14. e5 Nd7 15. Qe1
f6 16. Qg3 Rf7 17. exf6 Bxf6 18. Ne5 Bxe5 19. fxe5 Raf8 20. Rxf7 Rxf7 21. Bb4
a5 22. Bd6 a4 23. h3 Qa5 24. a3 Qd2 25. Bb4 Qe3 26. Qxe3 dxe3 27. Ba2 e2 28.
Kg1 Nxe5 29. Re1 Rf1+ 30. Rxf1 exf1=Q+ 31. Kxf1 Kf7 32. d4 Nc4 33. Bxc4 dxc4
34. Bd6 h5 35. h4 Be4 36. c3 Kg6 37. Kf2 Kf5 38. g3 Kg4 39. Be5 g6 40. Bd6 Kf5
41. Be5 Bd3 42. Ke3 Bf1 43. Bd6 Bg2 44. Be5 1/2-1/2

[Event "IX Floripa Chess Open Fort Atacadista"]
[Site "Florianópolis - Santa Catari"]
[Date "2023.01.27"]
[Round "7.125"]
[White "Senger, Maria Clara Da Silv"]
[Black "Martins De Aguiar, Marina"]
[Result "0-1"]
[WhiteElo "1604"]
[BlackElo "1873"]
[PlyCount "92"]
[EventDate "2023.01.23"]
[EventRounds "10"]
[EventCountry "BRA"]

1. e4 c5 2. Nf3 e6 3. d4 cxd4 4. Nxd4 Nf6 5. Nc3 Bb4 6. Qf3 Nc6 7. Nxc6 bxc6 8.
Bd3 d5 9. O-O O-O 10. Bg5 Be7 11. Bf4 a5 12. e5 Nd7 13. Qh3 f5 14. exf6 Nxf6
15. Be5 g6 16. Rae1 Bd6 17. Bxd6 Qxd6 18. Nd1 Nh5 19. c3 e5 20. Qe3 e4 21. Bb1
Ba6 22. Qh3 Nf4 23. Qg3 Ne2+ 24. Rxe2 Qxg3 25. hxg3 Bxe2 26. Re1 Bxd1 27. Rxd1
Rab8 28. b3 Rb7 29. Bc2 Rbf7 30. Rd2 e3 31. fxe3 Rf1+ 32. Kh2 R8f2 33. Rxf2
Rxf2 34. Bb1 Rb2 35. Bd3 Rxa2 36. c4 Rd2 37. Bf1 Rb2 38. cxd5 cxd5 39. e4 Rxb3
40. exd5 Kf8 41. Kg1 Ke7 42. Kf2 Kd6 43. Bc4 Rc3 44. Be2 Kxd5 45. Bf3+ Rxf3+
46. gxf3 a4 0-1

[Event "IX Floripa Chess Open Fort Atacadista"]
[Site "Florianópolis - Santa Catari"]
[Date "2023.01.27"]
[Round "7.126"]
[White "De Souza Monteiro, Marcos Paulo"]
[Black "Martins, Arthur Francisco"]
[Result "1-0"]
[WhiteElo "1869"]
[BlackElo "1610"]
[PlyCount "61"]
[EventDate "2023.01.23"]
[EventRounds "10"]
[EventCountry "BRA"]

1. d4 Nf6 2. c4 e6 3. a3 d5 4. Nc3 Be7 5. cxd5 exd5 6. Bg5 O-O 7. e3 Bf5 8.
Bxf6 Bxf6 9. Qb3 Nd7 10. Nxd5 Be4 11. Nc3 Qe7 12. Nxe4 Qxe4 13. Nf3 Qg4 14. h3
Qg6 15. Qd3 c5 16. Qxg6 hxg6 17. Bb5 Rfd8 18. Rd1 Nf8 19. O-O Ne6 20. Bc4 cxd4
21. Bxe6 dxe3 22. Bc4 Rxd1 23. Rxd1 exf2+ 24. Kxf2 Bxb2 25. Rd7 Bxa3 26. Rxf7
Kh7 27. Rf4 Bc1 28. Rh4+ Bh6 29. Ng5+ Kh8 30. Nf7+ Kh7 31. g4 1-0

[Event "IX Floripa Chess Open Fort Atacadista"]
[Site "Florianópolis - Santa Catari"]
[Date "2023.01.27"]
[Round "7.127"]
[White "Ribeiro, Fabiano Pinto"]
[Black "Elesbao, Bernardo Dartora"]
[Result "1-0"]
[WhiteElo "1865"]
[BlackElo "1604"]
[PlyCount "55"]
[EventDate "2023.01.23"]
[EventRounds "10"]
[EventCountry "BRA"]

1. e4 c5 2. Nf3 e6 3. c3 Nf6 4. Bd3 d5 5. e5 Nfd7 6. O-O Nc6 7. Re1 g6 8. Bf1
Bg7 9. d4 cxd4 10. cxd4 O-O 11. Nc3 a6 12. h4 h6 13. Bf4 f6 14. Qd2 g5 15. exf6
Qxf6 16. Bd6 Re8 17. hxg5 hxg5 18. Nxd5 exd5 19. Rxe8+ Kf7 20. Rae1 Nf8 21.
Nxg5+ Kg8 22. Bxf8 Bxf8 23. Nh3 Kh7 24. Bd3+ Kh8 25. Qg5 Qd6 26. Qh5+ Kg7 27.
Qh7+ Kf6 28. Qg6# 1-0

[Event "IX Floripa Chess Open Fort Atacadista"]
[Site "Florianópolis - Santa Catari"]
[Date "2023.01.27"]
[Round "7.128"]
[White "Barbosa, Flavio Novais"]
[Black "Ferreira, Carlos Eduardo"]
[Result "1-0"]
[WhiteElo "1863"]
[BlackElo "1585"]
[PlyCount "85"]
[EventDate "2023.01.23"]
[EventRounds "10"]
[EventCountry "BRA"]

1. d4 d5 2. c4 e6 3. Nf3 Nf6 4. g3 c5 5. cxd5 exd5 6. Bg2 cxd4 7. Nxd4 Nc6 8.
O-O Be7 9. Nc3 h6 10. Qd3 O-O 11. Rd1 Re8 12. Bf4 a6 13. Rac1 Bg4 14. h3 Bh5
15. Nf5 Bf8 16. g4 Bg6 17. Nxd5 Nxd5 18. Bxd5 Nb4 19. Qf3 Nxd5 20. Rxd5 Qb6 21.
Rd2 Qe6 22. Nd4 Qxa2 23. Qxb7 Be4 24. Qb3 Qa5 25. Nc6 Qb5 26. Qxb5 axb5 27. f3
Bh7 28. e4 Rec8 29. Rdc2 Re8 30. Nd4 g5 31. Bg3 Bg6 32. Nxb5 Red8 33. Nc7 Ra7
34. Nd5 Rxd5 35. exd5 Bxc2 36. Rxc2 Bb4 37. Rc8+ Kg7 38. Be5+ f6 39. Rc7+ Rxc7
40. Bxc7 Kf7 41. Kf2 Ke8 42. Ke3 Kd7 43. Bg3 1-0

[Event "IX Floripa Chess Open Fort Atacadista"]
[Site "Florianópolis - Santa Catari"]
[Date "2023.01.27"]
[Round "7.129"]
[White "Pereira, Armando Scharlau"]
[Black "Trombini, Fabio"]
[Result "0-1"]
[WhiteElo "1581"]
[BlackElo "1861"]
[PlyCount "76"]
[EventDate "2023.01.23"]
[EventRounds "10"]
[EventCountry "BRA"]

1. c4 e5 2. Nc3 Nf6 3. g3 Nc6 4. Bg2 Bb4 5. e3 O-O 6. Nge2 Re8 7. O-O Bf8 8. b3
g6 9. Bb2 Bg7 10. d4 d6 11. d5 Ne7 12. e4 Nd7 13. b4 f5 14. f3 Nf6 15. Qb3 Rf8
16. c5 h5 17. Bc1 Kh7 18. Bg5 Bh6 19. f4 Bxg5 20. fxg5 Nd7 21. cxd6 cxd6 22. h4
a5 23. b5 Nc5 24. Qc2 Qb6 25. Kh2 a4 26. Rab1 Bd7 27. Ng1 fxe4 28. Qe2 Bf5 29.
Qe3 Qa5 30. Rfd1 Bg4 31. Rf1 Nf5 32. Rxf5 Bxf5 33. Bxe4 Nxe4 34. Nxe4 Bxe4 35.
Qxe4 Qd2+ 36. Kh3 Rac8 37. Nf3 Qf2 38. Ng1 Rc2 0-1

[Event "IX Floripa Chess Open Fort Atacadista"]
[Site "Florianópolis - Santa Catari"]
[Date "2023.01.27"]
[Round "7.131"]
[White "Felix, Raimundo Nascimento"]
[Black "Caceres Benitez, Fernando Israel"]
[Result "1-0"]
[WhiteElo "1848"]
[BlackElo "1574"]
[PlyCount "75"]
[EventDate "2023.01.23"]
[EventRounds "10"]
[EventCountry "BRA"]

1. c4 e5 2. g3 c6 3. Bg2 d5 4. cxd5 cxd5 5. Nc3 Nf6 6. d3 Nc6 7. Bg5 Bb4 8. a3
Bxc3+ 9. bxc3 Qa5 10. Qd2 h6 11. Bxf6 gxf6 12. Nf3 Be6 13. O-O Rc8 14. Rfc1 Kf8
15. Qb2 b6 16. Nd2 Qc5 17. e3 Na5 18. Qb4 Kg7 19. d4 Qc7 20. Bf1 h5 21. h4 exd4
22. Qxd4 Nc6 23. Qa4 Ne5 24. Qf4 Qd7 25. c4 dxc4 26. Nxc4 Nd3 27. Bxd3 Qxd3 28.
Nd6 Rxc1+ 29. Rxc1 Rd8 30. Ne4 Qd5 31. Qxf6+ Kg8 32. Qe7 Qxe4 33. Qxd8+ Kh7 34.
Rd1 Qf3 35. Qd3+ Bf5 36. e4 Bxe4 37. Qxf3 Bxf3 38. Rd7 1-0

[Event "IX Floripa Chess Open Fort Atacadista"]
[Site "Florianópolis - Santa Catari"]
[Date "2023.01.27"]
[Round "7.132"]
[White "Rodrigues, Nei Jorge"]
[Black "Butzke, Lucas De Castro"]
[Result "1/2-1/2"]
[WhiteElo "1845"]
[BlackElo "1564"]
[PlyCount "130"]
[EventDate "2023.01.23"]
[EventRounds "10"]
[EventCountry "BRA"]

1. Nf3 Nf6 2. g3 g6 3. b4 Bg7 4. Bb2 O-O 5. Bg2 d5 6. d3 Re8 7. Nbd2 b6 8. c4
Bb7 9. Rc1 Nbd7 10. c5 c6 11. Qc2 e5 12. e4 Rc8 13. O-O Bf8 14. Nb3 Ba6 15.
Rfd1 Bxd3 16. Qxd3 dxe4 17. Qa6 exf3 18. Bxf3 bxc5 19. bxc5 Qc7 20. Bg2 Red8
21. Re1 Bg7 22. Bc3 Nb8 23. Qc4 Re8 24. Ba5 Qd7 25. Rcd1 Qe6 26. Qh4 Nd5 27.
Qc4 Nc7 28. Qf1 Nd5 29. Qd3 f5 30. Bxd5 cxd5 31. Qxd5 Qxd5 32. Rxd5 Nc6 33. Bc3
Rcd8 34. Red1 Rxd5 35. Rxd5 Rd8 36. Rxd8+ Nxd8 37. Na5 Kf7 38. Kf1 Ke6 39. c6
Kd6 40. Nc4+ Kxc6 41. Bxe5 Bxe5 42. Nxe5+ Kd5 43. f4 g5 44. Nd3 g4 45. Ke2 Ne6
46. Ke3 Kc4 47. Ne5+ Kc3 48. Nc6 a6 49. Ne7 Ng7 50. a4 Kb4 51. Kd4 Kxa4 52. Kc4
a5 53. Nd5 Ka3 54. Kc3 Ka2 55. Kc2 Ne6 56. Ne3 Nd4+ 57. Kc3 Nf3 58. Nxf5 Nxh2
59. Ne3 h5 60. f5 Nf3 61. f6 Ng5 62. Kc2 Ka3 63. Nc4+ Kb4 64. Ne3 Nh7 65. f7
Kc5 1/2-1/2

[Event "IX Floripa Chess Open Fort Atacadista"]
[Site "Florianópolis - Santa Catari"]
[Date "2023.01.27"]
[Round "7.133"]
[White "De Oliveira, Gualter Amelio"]
[Black "Boabaid, Jorge Alberto Duard"]
[Result "0-1"]
[WhiteElo "1563"]
[BlackElo "1822"]
[PlyCount "111"]
[EventDate "2023.01.23"]
[EventRounds "10"]
[EventCountry "BRA"]

1. e4 c5 2. Nc3 Nc6 3. d3 Nf6 4. g3 e6 5. Bg2 d5 6. Nge2 d4 7. Nb1 e5 8. Nd2
Be7 9. h3 Be6 10. a4 a6 11. f4 exf4 12. Nxf4 Qc7 13. Nf3 O-O 14. O-O Bd7 15.
Re1 Bd6 16. Re2 Rae8 17. Bd2 Ne5 18. Qf1 h6 19. Rf2 Ng6 20. Nh2 Nxf4 21. gxf4
Nh7 22. Rf3 Kh8 23. b3 f6 24. Ng4 Qc8 25. f5 b5 26. axb5 axb5 27. Bf4 Bxf4 28.
Rxf4 Ng5 29. Qf2 Qc7 30. Nh2 Ra8 31. Rb1 Ra2 32. h4 Nf7 33. Qd2 Rfa8 34. Rff1
Qg3 35. e5 Nxe5 36. Kh1 R8a7 37. Nf3 Ng4 38. Qe1 Qxe1 39. Nxe1 Ne3 40. Rf2 Ra1
41. Rxa1 Rxa1 42. Re2 Bxf5 43. Bf3 c4 44. Kh2 Kh7 45. Kg3 c3 46. Ng2 Nf1+ 47.
Kf2 Nd2 48. Bc6 Rf1+ 49. Kg3 Bxd3 50. cxd3 c2 51. Rxd2 c1=Q 52. Be4+ f5 53. Re2
fxe4 54. Rxe4 Qc7+ 55. Nf4 Rxf4 56. Rxf4 0-1

[Event "IX Floripa Chess Open Fort Atacadista"]
[Site "Florianópolis - Santa Catari"]
[Date "2023.01.27"]
[Round "7.135"]
[White "Romais, Rodrigo"]
[Black "Dos Santos, Gustavo Mota"]
[Result "0-1"]
[WhiteElo "1548"]
[BlackElo "1810"]
[PlyCount "54"]
[EventDate "2023.01.23"]
[EventRounds "10"]
[EventCountry "BRA"]

1. e4 d6 2. d4 Nf6 3. Nc3 g6 4. f4 Bg7 5. Nf3 O-O 6. e5 dxe5 7. fxe5 Nd5 8. Bc4
Nxc3 9. bxc3 c5 10. O-O Qa5 11. Bd2 e6 12. Ng5 b5 13. Be2 Bb7 14. Bf3 Qb6 15.
Qe2 cxd4 16. cxd4 Qxd4+ 17. Kh1 Bxf3 18. Nxf3 Qc4 19. Qxc4 bxc4 20. Bb4 Rd8 21.
Ng5 Nc6 22. Nxf7 Nxb4 23. Nxd8 Rxd8 24. Rab1 Nxc2 25. Rfc1 Ne3 26. h3 Bxe5 27.
Re1 Bd4 0-1

[Event "IX Floripa Chess Open Fort Atacadista"]
[Site "Florianópolis - Santa Catari"]
[Date "2023.01.27"]
[Round "7.137"]
[White "Da Silva, Kauan Salvagni Tele"]
[Black "Lunelli, Neuri Antonio"]
[Result "0-1"]
[WhiteElo "1498"]
[BlackElo "1799"]
[PlyCount "82"]
[EventDate "2023.01.23"]
[EventRounds "10"]
[EventCountry "BRA"]

1. d4 Nf6 2. Nf3 g6 3. e3 Bg7 4. Be2 d6 5. O-O O-O 6. c4 Nbd7 7. Nc3 c6 8. b4
e5 9. Bb2 Qc7 10. a4 exd4 11. exd4 Re8 12. Re1 Nf8 13. b5 Bg4 14. Qd2 Rad8 15.
bxc6 bxc6 16. h3 Bf5 17. Bd3 Bd7 18. Ba3 Ne6 19. Rab1 Bc8 20. d5 Nc5 21. Rxe8+
Nxe8 22. Bxc5 dxc5 23. dxc6 Qxc6 24. Nd5 Qxa4 25. Qe3 Bf8 26. Qg5 Qd7 27. Re1
f6 28. Nxf6+ Nxf6 29. Qxf6 Bg7 30. Qe7 Qxd3 31. Ng5 Qd7 32. Qxc5 h6 33. Re7
Qd1+ 34. Kh2 hxg5 35. Qxg5 Qd6+ 36. Kg1 Qf6 37. Qc5 a6 38. Qc7 Rf8 39. f3 Bf5
40. c5 Rc8 41. Qa7 Bf8 0-1

[Event "IX Floripa Chess Open Fort Atacadista"]
[Site "Florianópolis - Santa Catari"]
[Date "2023.01.27"]
[Round "7.138"]
[White "Cezar, Ricardo De Almeida"]
[Black "Mayeregger Gonzalez, Renata"]
[Result "0-1"]
[WhiteElo "1795"]
[BlackElo "1543"]
[PlyCount "72"]
[EventDate "2023.01.23"]
[EventRounds "10"]
[EventCountry "BRA"]

1. d4 c5 2. c3 cxd4 3. cxd4 d5 4. Nc3 e6 5. Nf3 Nf6 6. Bg5 Nc6 7. e3 Bd6 8. Bd3
Bd7 9. O-O a6 10. a3 h6 11. Bxf6 Qxf6 12. b4 Rc8 13. Rc1 O-O 14. Na4 Nxd4 15.
Nb6 Nxf3+ 16. Qxf3 Qxf3 17. gxf3 Rxc1 18. Rxc1 Bc6 19. Bxa6 Rb8 20. Bf1 Bc7 21.
Nd7 Bxd7 22. Rxc7 Ba4 23. b5 g5 24. Kg2 Kg7 25. Bd3 Bd1 26. Kg3 Kf6 27. f4
gxf4+ 28. Kxf4 Kg7 29. Kg3 e5 30. Bf1 h5 31. Bh3 Be2 32. a4 b6 33. Rd7 Bc4 34.
Kh4 Bb3 35. Kxh5 Rh8+ 36. Kg4 d4 0-1

[Event "IX Floripa Chess Open Fort Atacadista"]
[Site "Florianópolis - Santa Catari"]
[Date "2023.01.27"]
[Round "7.139"]
[White "Pereira, Francisco Neris"]
[Black "Teixeira, Jonas Carvalho"]
[Result "0-1"]
[WhiteElo "1482"]
[BlackElo "1791"]
[PlyCount "72"]
[EventDate "2023.01.23"]
[EventRounds "10"]
[EventCountry "BRA"]

1. d4 d5 2. c4 e6 3. Nf3 Nf6 4. Nc3 Be7 5. g3 O-O 6. Bg2 Nbd7 7. b3 c5 8. Bb2
Re8 9. O-O Nf8 10. Ne5 Rb8 11. cxd5 exd5 12. Rc1 Be6 13. dxc5 Bxc5 14. e3 Bb6
15. Ne2 N8d7 16. Nf4 Nc5 17. Nxe6 fxe6 18. Qc2 Rc8 19. Qb1 Nce4 20. Rxc8 Qxc8
21. Rc1 Qd8 22. Qc2 Nc5 23. Nd3 Nxd3 24. Qxd3 Qe7 25. Qc3 Rf8 26. Qe5 Ng4 27.
Qc3 Rxf2 28. Re1 Rf8 29. h3 Nf6 30. Kh2 Qc7 31. Qd3 Nh5 32. e4 Bf2 33. Re3 Bxe3
34. Qxe3 dxe4 35. Bxe4 Qf7 36. Qd4 Qf2+ 0-1

[Event "IX Floripa Chess Open Fort Atacadista"]
[Site "Florianópolis - Santa Catari"]
[Date "2023.01.27"]
[Round "7.140"]
[White "Fraga, Sofia Carneiro"]
[Black "Garcia, Erich Douglas Ribei"]
[Result "0-1"]
[WhiteElo "1850"]
[BlackElo "1427"]
[PlyCount "58"]
[EventDate "2023.01.23"]
[EventRounds "10"]
[EventCountry "BRA"]

1. e4 c6 2. d4 d5 3. Nc3 dxe4 4. Nxe4 Bf5 5. Ng3 Bg6 6. h4 h6 7. Nf3 Nd7 8. Bd3
Bxd3 9. Qxd3 e6 10. Bf4 Ngf6 11. O-O-O Be7 12. Ne4 Nxe4 13. Qxe4 Qa5 14. Kb1
Nf6 15. Qe1 Qb6 16. Ne5 Rd8 17. Be3 Nd5 18. Nc4 Qb5 19. Na5 Nxe3 20. fxe3 Bb4
21. c3 Bxa5 22. Rf1 O-O 23. b4 Bc7 24. g4 f6 25. e4 a5 26. Ka1 axb4 27. Rb1 Qa6
28. cxb4 Ra8 29. Rb2 e5 0-1

[Event "IX Floripa Chess Open Fort Atacadista"]
[Site "Florianópolis - Santa Catari"]
[Date "2023.01.27"]
[Round "7.142"]
[White "Stival Da Silva, Javier Rodrigo"]
[Black "Hataby, Raed"]
[Result "0-1"]
[WhiteElo "1640"]
[BlackElo "1979"]
[PlyCount "80"]
[EventDate "2023.01.23"]
[EventRounds "10"]
[EventCountry "BRA"]

1. e4 d6 2. d4 Nf6 3. Nc3 g6 4. f3 c6 5. Be3 Qa5 6. Qd2 b5 7. h4 a6 8. g4 h5 9.
g5 Nh7 10. Bh3 Nd7 11. f4 Bg7 12. Qf2 d5 13. f5 b4 14. Nce2 dxe4 15. Nf4 Nhf8
16. Ne6 fxe6 17. fxe6 Nf6 18. gxf6 Bxf6 19. Ne2 Bxe6 20. Bxe6 Nxe6 21. Qg2 Qf5
22. Rf1 Bxh4+ 23. Bf2 Bxf2+ 24. Rxf2 Qg4 25. Qxg4 hxg4 26. O-O-O O-O-O 27. Nf4
Nxd4 28. Rfd2 c5 29. c3 bxc3 30. bxc3 e3 31. Rg2 g5 32. Ng6 Rh6 33. Nxe7+ Kd7
34. cxd4 cxd4 35. Rxg4 Kxe7 36. Rgxd4 Rc6+ 37. Kb1 e2 38. Re4+ Re6 39. Rxe6+
Kxe6 40. Re1 Rd1+ 0-1

[Event "IX Floripa Chess Open Fort Atacadista"]
[Site "Florianópolis - Santa Catari"]
[Date "2023.01.27"]
[Round "7.143"]
[White "Ferreira, Rodrigo Maycon Mira"]
[Black "Soares, Rafael Tuma"]
[Result "1-0"]
[WhiteElo "1781"]
[BlackElo "1440"]
[PlyCount "83"]
[EventDate "2023.01.23"]
[EventRounds "10"]
[EventCountry "BRA"]

1. d4 d5 2. c4 e6 3. Nc3 Nf6 4. cxd5 exd5 5. Bg5 c6 6. e3 Bb4 7. Bd3 Be6 8.
Nge2 O-O 9. O-O Bd6 10. Kh1 Nbd7 11. f3 Qc7 12. e4 Bb4 13. Rc1 h6 14. Bf4 Qd8
15. a3 Be7 16. Bb1 a6 17. Qd3 Nb6 18. e5 Re8 19. exf6 Bxf6 20. b3 Qd7 21. a4
Nc8 22. g4 Ne7 23. Ng3 Ng6 24. Bd2 Bg5 25. f4 Bxf4 26. Bxf4 Bxg4 27. Be5 Bh5
28. Rf2 Rxe5 29. dxe5 Qg4 30. Re1 Re8 31. e6 Rxe6 32. Rxe6 Qxe6 33. Qd2 d4 34.
Nd1 Qxb3 35. Ba2 Qxa4 36. Bxf7+ Kh7 37. Bxg6+ Kxg6 38. Qd3+ Kg5 39. Rf5+ Kg6
40. Rf8+ Kg5 41. Rf5+ Kg6 42. Ra5+ 1-0

[Event "IX Floripa Chess Open Fort Atacadista"]
[Site "Florianópolis - Santa Catari"]
[Date "2023.01.27"]
[Round "7.144"]
[White "Vinales Gonzalez, Enzo Mathias"]
[Black "Machado, Luiz Fernando"]
[Result "1-0"]
[WhiteElo "1473"]
[BlackElo "1768"]
[PlyCount "85"]
[EventDate "2023.01.23"]
[EventRounds "10"]
[EventCountry "BRA"]

1. e4 e6 2. d4 d5 3. exd5 exd5 4. Bd3 Bd6 5. Nf3 Ne7 6. O-O h6 7. c3 Be6 8. Re1
Nbc6 9. Nbd2 Qd7 10. b4 O-O-O 11. a4 g5 12. b5 Na5 13. Nb3 Nxb3 14. Qxb3 f6 15.
a5 h5 16. b6 a6 17. bxc7 Bxc7 18. Rb1 Qc6 19. Ba3 Rde8 20. Re2 Bf5 21. Qc2 Bxd3
22. Qxd3 Qd7 23. Bxe7 Rxe7 24. Rxe7 Qxe7 25. Qf5+ Kb8 26. Qxd5 Bf4 27. Ne1 Re8
28. Nd3 h4 29. g3 Rd8 30. Rxb7+ Qxb7 31. Qxd8+ Ka7 32. Qb6+ Qxb6 33. axb6+ Kxb6
34. gxf4 a5 35. c4 a4 36. c5+ Kb5 37. Kf1 a3 38. Nc1 g4 39. Ke2 f5 40. Kd3 Ka4
41. Kc4 g3 42. fxg3 hxg3 43. hxg3 1-0

[Event "IX Floripa Chess Open Fort Atacadista"]
[Site "Florianópolis - Santa Catari"]
[Date "2023.01.27"]
[Round "7.147"]
[White "Mesquita, Arnaldo Leite"]
[Black "Fossatti, Igor Anton"]
[Result "1-0"]
[WhiteElo "1760"]
[BlackElo "1391"]
[PlyCount "81"]
[EventDate "2023.01.23"]
[EventRounds "10"]
[EventCountry "BRA"]

1. c4 Nf6 2. g3 d6 3. Bg2 g6 4. Nc3 Bg7 5. Nf3 O-O 6. O-O e5 7. d3 Nbd7 8. Rb1
Re8 9. Ne1 Nf8 10. Bd2 Be6 11. Nc2 Rb8 12. Qc1 Qd7 13. Re1 h5 14. h4 Bh3 15.
Bh1 Qg4 16. Ne3 Qd7 17. Ne4 Nxe4 18. dxe4 c6 19. Rd1 Rbd8 20. b4 Qc8 21. Nc2
Ne6 22. Bc3 Nc7 23. Qe3 a6 24. Kh2 Be6 25. Qd2 Re7 26. Ne1 Ne8 27. Nf3 Bg4 28.
Qd3 f5 29. Ng5 f4 30. f3 Be6 31. gxf4 exf4 32. e5 Bf5 33. Ne4 d5 34. cxd5 cxd5
35. Bb2 Rxe5 36. Qb3 Kh8 37. Bxe5 Bxe4 38. fxe4 Bxe5 39. Rxd5 Qg4 40. Bg2 Qxe2
41. Rxd8 1-0

[Event "IX Floripa Chess Open Fort Atacadista"]
[Site "Florianópolis - Santa Catari"]
[Date "2023.01.27"]
[Round "7.148"]
[White "Mariot Vaz, Joao Antonio Bertol"]
[Black "Leacina, Gisele Santiago"]
[Result "1-0"]
[WhiteElo "1756"]
[BlackElo "1326"]
[PlyCount "109"]
[EventDate "2023.01.23"]
[EventRounds "10"]
[EventCountry "BRA"]

1. e4 e5 2. Nf3 Nc6 3. Bb5 a6 4. Ba4 Nf6 5. O-O b5 6. Bb3 d6 7. c3 Be7 8. Re1
O-O 9. h3 Re8 10. d4 exd4 11. cxd4 Bb7 12. Nc3 Nd7 13. Bf4 Bf6 14. Nd5 Na5 15.
Rc1 Rc8 16. Bc2 Bxd5 17. exd5 Nc4 18. Rxe8+ Qxe8 19. Bb1 Nf8 20. Qc2 Qd7 21. a4
Nb6 22. Qc6 Qxc6 23. Rxc6 Nxa4 24. Bf5 Rd8 25. Rxc7 Nxb2 26. Ra7 Nc4 27. Rxa6
Ng6 28. Bg3 Be7 29. Bd3 Bf8 30. Bxc4 bxc4 31. Rc6 Ne7 32. Rxc4 Nxd5 33. Rc6 f6
34. Nd2 Kf7 35. Nc4 Ke6 36. Ne3 Be7 37. Ra6 f5 38. Ra7 Bf8 39. Ra5 Nc3 40. Rxf5
Ne2+ 41. Kh2 Nxd4 42. Ra5 Nc6 43. Ra6 Nb4 44. Ra4 d5 45. f4 d4 46. f5+ Kf7 47.
Nc4 d3 48. Bf4 Rd4 49. Ne5+ Kf6 50. Ng4+ Kxf5 51. Bd2 Rd8 52. Bxb4 Rd4 53. Ra5+
Ke4 54. Re5+ Kf4 55. Bd2# 1-0